00310nam a2200133Ia 4500008004100000100001700041245002900058250001300087260003000100300000800130650001400138942000700152999001700159190216s9999||||xx |||||||||||||| ||und|| aDhingra. I.C 0aIndian Economic Problems a12nd Ed. bSulthan Chand&Sonsc1998 a604 aEconomics cBK c10278d10278